French Military Aircraft Quiz - Statistics

General Stats
  • This quiz has been taken 13 times
  • The average score is 17 of 54
Answer Stats
Picture Hint Answer % Correct
Airbus A400M Atlas
100%
Airbus Helicopters EC665 Tigre
83%
Dassault Mirage 2000C
83%
Dassault Rafale B
83%
Airbus A330 MRTT Phénix
75%
Bréguet 1150 Atlantic
67%
Bréguet (SEPECAT) Jaguar A
67%
Dassault Mirage F1CR
67%
Dassault Alpha Jet E
58%
Fouga CM.170 Magister
58%
Dassault Mirage IIIC
58%
Aérospatiale SA 341F2 Gazelle
58%
Dassault Étendard IVM
50%
Dassault Mirage IV
50%
Airbus Helicopters (NHI) NH90 NFH Caïman
50%
Aérospatiale SA 330B Puma
50%
Aérospatiale SE 3130 Alouette II
50%
Dassault Super Étendard
50%
Airbus Helicopters AS365 F Dauphin
42%
Airbus Helicopters H215 (AS332 M1) Super Puma
42%
Dassault Mirage 5F
42%
Transall C-160R
33%
Airbus Helicopters H160M Guépard
33%
Aérospatiale SA 321G Super Frelon
33%
SNCASO SO.4050 Vautour IIB
33%
Bréguet 1050 Alizé
25%
Airbus Helicopters AS555 AN Fennec 2
25%
Airbus Helicopters H225M (EC725) Caracal
25%
Dassault Mystère IVA
25%
Dassault Ouragan
25%
Nord 2501 Noratlas
17%
Mudry CAP 10
17%
Airbus Helicopters H215M (AS532 UL) Cougar
17%
Nord 1101 Ramier
8%
Nord 1402 Noroit
8%
Nord (Aérospatiale) 262D Frégate
8%
Dassault Flamant
8%
SNCASE SE.203 Aquilon
8%
SNCASE SE.535 Mistral
8%
SNCASO SO.30P Bretagne
8%
Dassault Super Mystère B.2
8%
SOCATA TB 30 Epsilon
8%
Nord 3202
0%
Nord 3400 Norbarbe
0%
Bréguet 941S
0%
Airbus Helicopters AS565 SA Panther
0%
Fouga CM.175 Zéphyr
0%
Max Holste MH.1521M Broussard
0%
Morane-Saulnier MS.733 Alcyon
0%
Morane-Saulnier MS.760 Paris
0%
Morane-Saulnier MS.880 Rallye
0%
SNCAC NC.701 Martinet
0%
SNCASO SO.95M Corse III
0%
Nord SV.4C
0%
No matching quizzes found
Score Distribution
Percent of People with Each Score
Percentile by Number Answered
Your Score History
You have not taken this quiz